000
00320 a2200133 4500
005
20250701103654.0
020
_a
2-85036-350-2
082
_a
445 ROB
100
_a
ROBERT,
245
_a
Le Robert Benjamin,
260
_a
France,
_b
LE Robert Dictinnaires,
_c
1957.
300
_a
571P: ill; Picture,
_c
24cm.
942
_2
ddc
_c
BKS
999
_c
6508
_d
6508